| 000 -LEADER |
| fixed length control field |
00554nam a22001457a 4500 |
| 020 ## - INTERNATIONAL STANDARD BOOK NUMBER |
| International Standard Book Number |
9780190125578 |
| 082 ## - DEWEY DECIMAL CLASSIFICATION NUMBER |
| Classification number |
A99 N1315\83 |
| 245 ## - TITLE STATEMENT |
| Title |
Selected works of Jawaharlal Nehru, vol.83 (1 August - 31 October 1963) |
| Statement of responsibility, etc |
edited by Madhavan K. Palat |
| 260 ## - PUBLICATION, DISTRIBUTION, ETC. (IMPRINT) |
| Place of publication, distribution, etc |
New Delhi |
| Name of publisher, distributor, etc |
Jawaharlal Nehru Memorial Fund |
| Date of publication, distribution, etc |
2019 |
| 300 ## - PHYSICAL DESCRIPTION |
| Extent |
xxxvii, 888p. |
| 650 ## - SUBJECT ADDED ENTRY--TOPICAL TERM |
| Topical term or geographic name as entry element |
India -- Politics and government -- 1947- |
| 9 (RLIN) |
16378 |
| 650 ## - SUBJECT ADDED ENTRY--TOPICAL TERM |
| Topical term or geographic name as entry element |
India -- History -- 1947- |
| 9 (RLIN) |
16379 |
| 650 ## - SUBJECT ADDED ENTRY--TOPICAL TERM |
| Topical term or geographic name as entry element |
India -- Foreign relations -- 1947-1984. |
| 9 (RLIN) |
16380 |
| 700 ## - ADDED ENTRY--PERSONAL NAME |
| Personal name |
Palat, Madhavan K., ed. |
| 9 (RLIN) |
16049 |